00613nam a2200205Ia 4500003000400000005001700004008004100021020001500062040001800077041000800095082001600103100001800119245013100137250001200268260001000280300003000290650002600320650003100346650003000377OSt20240513113849.0210716s2007 xx 000 0 und d a0872893298 cAIMIT LIBRARY aeng a374.22 MCHH aMchale, Hank. aActual experience of a ceo : bhow to make continous improvement in manufacturing succeed for your company /cBy Hank, Mchale. a1st ed. c2007. axxii,160p. ;bPBc23.5 cm aCustomer requirements aMajor types of root causes aMajor types of root cases